| 000 | 00816nas a2200265 4500 | ||
|---|---|---|---|
| 001 | BR9704540 | ||
| 003 | BR-BrBNA | ||
| 005 | 20231205100534.0 | ||
| 007 | ta | ||
| 008 | 230509b bl.|||p| |||| 00| 00por d | ||
| 040 |
_aBR-BrBNA _bpor _cBiblioteca Nacional de Agricultura |
||
| 041 | _a(Pt) | ||
| 072 | _aL70 | ||
| 100 | 1 | _aArias, M.V.B. | |
| 100 | 1 | _aBracarense, A.P.F.L. | |
| 100 | 1 | _aStopiglia, A.J. | |
| 245 | 1 | _aAvulsao do plexo braquial em caes; 2: biopsia fascicular e histologia dos nervos radial, mediano, ulnar e musculocutaneo | |
| 650 | _aCao | ||
| 650 | _aSistema Nervoso | ||
| 650 | _aParalisia | ||
| 650 | _aBiopsia | ||
| 773 | 0 |
_tCiencia Rural (Brazil) _xISSN 0103-8478 _g(Jan-Mar 1997), v. 27(1) p. 81-85 _wBR9704540 |
|
| 909 |
_a202311 _bLúcia _c55 _dLúcia Elande |
||
| 942 |
_2AGRIS _n0 _cANA |
||
| 999 |
_c156559 _d156559 |
||